000 00885cac a2200253 a 4500
003 CO-PeBPM
005 20260219121952.0
007 ta
008 231129s1997||||ck ||||||||||||| ||spa||
020 _a8480861533
040 _aCO-PeBPM
_bspa
_cCO-PeBPM
_erda
041 _aspa
082 0 4 _a158.7 B794c
_222
100 1 0 _aBraham Barbara J.
_eautor
245 0 _aComo controlar el estres y mantener la calma en negociaciones dificiles
_c/ Barbara J. Braham; revisión técnica Gabriel Vázquez M,m Borja González Llano
260 _aMéxico
_b: McGraw-Hill/Irwin
_c, 1997
300 _a155 paginas
_c20,5 centimetros
490 _aBiblioteca de Negocios
500 _aIncluye índice
650 1 4 _aStress
_2LEMB
700 _aVázquez M., Gabriel
_eRevisión técnica
700 _aGonzález Llano, Borja
_eRevisión técnica
942 _2ddc
_cBK
999 _c7460
_d7460